000 00913nam a22002297a 4500
999 _c20064
_d20064
003 AR-CdUCM
008 190525b ||||| |||| 00| 0 spa d
040 _aMUNICIPALIDAD PROVINCIAL DEL CUSCO
_cBIBLIOTECA MUNICIPAL DEL CUSCO
082 _a636.08 /
_bEN65
100 _aEnsminger, M. E.
_920916
245 _aProducción ovina
260 _aBuenos Aires :
_bEl ateneo,
_c1973.
300 _a391 páginas ;
_bFotografías a b/n
_c27 cm.
440 _aBiblioteca de producción animal
_920917
505 _aContenido: Historia y desarrollo de la industria de los ovinos y caprinos -- Origen y domesticación de los ovinos -- La lana a través de los tiempos -- El auge del Merino -- Clasificación y razas de ovinos...
650 _aOvinos
_921745
650 _aCrianza de ovinos
_941981
650 _aCaprinos
_941982
650 _aLana de ovino
_941983
942 _2ddc
_cLIBROS
945 _aAndy
_d2019-05-25